| 000 | 00820nam a2200205 a 4500 | ||
|---|---|---|---|
| 001 | 000046650 | ||
| 005 | 20201002053024.0 | ||
| 008 | 180315s2016 dr 000 0 spa d | ||
| 020 | _a9789945904260 | ||
| 040 |
_aDO-SdBNP _bspa _cBNPHU |
||
| 082 |
_axxx _bxxx |
||
| 110 | 1 |
_aRepública Dominicana _9447 |
|
| 240 | 1 | 0 | _a[Leyes, etc.] |
| 245 | 1 | 0 | _aLey 65-00 sobre derecho de autor (mod. por la ley 424-06, 493-06, 493-06 y 2-07); dec. 362-01 reglamento de aplicación de la ley de derecho de autor no. 65-00; parte ley 246-12 declara el 17 de agosto de cada año, como "día nacional del autor". |
| 250 | _aedición 35 aniversario | ||
| 260 |
_aSanto Domingo, _c2016. |
||
| 300 |
_a144 p. ; _c21 cm. |
||
| 500 | _aIncluye referencias bibliográficas y notas al pie de las paginas | ||
| 590 | _aInventariado, 2018/MFF | ||
| 999 |
_c46139 _d46139 |
||